| 000 | 01023nam a2200313 i 4500 | ||
|---|---|---|---|
| 001 | bg | ||
| 003 | BPK | ||
| 005 | 20210923133048.0 | ||
| 008 | 970904s1990 pl |000 0 pol | ||
| 015 | _aPB 1990/7857 | ||
| 020 | _a8301086505 | ||
| 020 | _a8301086521 | ||
| 040 |
_aWA N _cBPK |
||
| 080 | _a1(091) | ||
| 100 | 1 |
_aTatarkiewicz, Władysław _d(1886-1980) _eAutor |
|
| 245 | 1 | 0 |
_aHistoria filozofii. _nT. 2, _pFilozofia nowożytna do roku 1830 / _cWładysław Tatarkiewicz. |
| 246 | 3 | 0 | _aFilozofia nowożytna do roku 1830 |
| 250 | _a[Wyd. 12]. | ||
| 260 |
_aWarszawa : _bPańst. Wydaw. Naukowe, _c1990. |
||
| 300 |
_a294, [2] s., [30] s. portr. ; _c24 cm. |
||
| 504 | _aBibliogr. s. 240-289. | ||
| 650 | 4 |
_aFilozofia _xhistoria _y16-19 w. |
|
| 648 | 4 | _a1601-1700 | |
| 648 | 4 | _a1701-1800 | |
| 648 | 4 | _a1801-1900 | |
| 648 | 4 | _a1501-1600 | |
| 856 |
_uhttp://koha.tu.koszalin.pl/cgi-bin/koha/opac-detail.pl?biblionumber=29182 _yKatalog online BPK |
||
| 942 |
_2UKD _cKS |
||
| 999 |
_c29182 _d29182 |
||